000 00581nam a2200217Ia 4500
003 OSt
005 20220925220348.0
006 a|||||r|||| 00| 0
007 ta
008 220923b |||||||| |||| 00| 0 eng d
037 _cGeneral Book
040 _aRTL
_cRTL
_beng
041 _2eng
_aeng
082 _aX:71, M9/TD1
100 _aMaddala G.S
245 0 _aMicroeconomics
_b theory and applications
260 _aLondon
_bMac-Graw Hill
_c1989
300 _a634p
_ccm.
942 _hX:71, M9/TD1
_cGB
_2CC
999 _c571218
_d571218